000 00687nam a22002537a 4500
003 UA-OsUOA
001 24319
007 ta
008 20040216b un ||||| |||| 00| 0 ukr d
100 _aМакеев С.
090 _a327.5
_bД30
942 _cBK
040 _aUA-OsUOA
_brus
_cUA-OsUOA
_dUA-OsUOA
245 _aДемоны мира и боги войны
_bсоциальные конфликты в посткоммунистическом мире
300 _a488 с.
955 _a2
041 _arus
080 _a327.5
020 _a966-95174-1-9
260 _aКиев
_bПолітична думка
_c1997
044 _aUA
650 7 _2UDC
999 _c310586
_d310586